| 000 | 00808nam a2200241u 4500 | ||
|---|---|---|---|
| 001 | 28609 | ||
| 003 | BD-RjUL | ||
| 005 | 20211209051315.0 | ||
| 008 | 140331s1958 nyu b 001 0 eng d | ||
| 035 | _a(BD-RjUL)28690 | ||
| 040 |
_aDLC _cCarP _dDLC _dBD-RjUL _beng |
||
| 041 | _aeng | ||
| 082 | 0 | 4 |
_221 _a616.8914 _bSYD V-3 1958 |
| 100 | 1 |
_aSymonds, Percival Mallon, _d1893- [from old catalog] _987588 |
|
| 245 | 1 | 0 |
_aDynamics of psychotherapy : _bthe psychology of personality change / _cPercival Mallon Symonds. _nVolume III : _pprocedures. |
| 260 |
_aNew York : _bGrune & Stratton, _c1958. |
||
| 300 |
_avii, 399-607, p. ix-xxxv : _c23 cm. |
||
| 504 | _aIncludes bibliographical references and index. | ||
| 650 | 0 |
_aPsychotherapy. _987589 |
|
| 942 |
_2ddc _cBK |
||
| 999 |
_c28609 _d28609 |
||